000 00461nam a2200181Ia 4500
005 20250603145526.0
008 250603s9999 xx 000 0 und d
020 _a9781032439891
050 _aJF 1525 .A8 .P58/
100 _aEdited by Liebowitz, Jay
245 0 _aPivoting government through digital transformation
260 _aBoca Raton
260 _bCRC Press
260 _c2024
300 _axx, 217p.: ill.
650 _aBoca Raton
942 _cBK
999 _c42111
_d42111